000 00303nam a2200109 4500
008 160624b xxu||||| |||| 00| 0 eng d
100 _91000
_a Hockett, C.F
245 _aA Course in Modern Linguistus
260 _aN.D
_b Oxford & IBH.Pub.
_c1958
300 _aA Course in Modern Linguistus
942 _2ddc
_cBK
999 _c796
_d796